[Event "4NCL Division 3 South"]
[Site "Milton Keynes, ENG"]
[Date "2021.11.21"]
[Round "2.145"]
[White "Farahi-Far, Mohammad"]
[Black "Patel, Ananya"]
[Result "1-0"]
[WhiteElo "1540"]
[BlackElo "1000"]
[PlyCount "109"]
[EventDate "2021.11.21"]
[WhiteTeam "Barnet Knights C"]
[BlackTeam "Watford B"]

1. c4 d6 2. Nc3 Nf6 3. g3 g6 4. Bg2 Bg7 5. Nf3 O-O 6. O-O e5 7. d3 Nc6 8. Bg5
Re8 9. e4 Be6 10. Qd2 Bh8 11. Rab1 Rb8 12. Ne1 Nd4 13. f4 Bd7 14. fxe5 dxe5 15.
Nd5 Re6 16. Qf2 c6 17. Bxf6 Bxf6 18. Nxf6+ Qxf6 19. Qxf6 Rxf6 20. Rxf6 Kg7 21.
Rf2 Rf8 22. Nc2 Nxc2 23. Rxc2 f5 24. Rf2 f4 25. Rbf1 g5 26. h4 h6 27. gxf4 exf4
28. hxg5 hxg5 29. Re1 Kg6 30. e5 Re8 31. d4 Kf5 32. Ref1 b5 33. Bh3+ g4 34.
Rxf4+ Ke6 35. Bxg4+ Ke7 36. Rf7+ Kd8 37. Rxd7+ Kc8 38. Re7+ Kd8 39. Rxe8+ Kxe8
40. cxb5 cxb5 41. Rf6 Ke7 42. Be2 b4 43. Ra6 Kd7 44. Rxa7+ Kc6 45. Ra5 Kb6 46.
Rb5+ Kc6 47. Rxb4 Kd5 48. a4 Ke4 49. e6 Kf5 50. e7 Kf4 51. e8=Q Kg5 52. Qe5+
Kg6 53. Rb6+ Kf7 54. Qc7+ Ke8 55. Rb8# 1-0

[Event "4NCL Division 3 South"]
[Site "Milton Keynes, ENG"]
[Date "2021.11.21"]
[Round "2.146"]
[White "Patel, Aashna"]
[Black "Scheffel, Charlie"]
[Result "0-1"]
[WhiteElo "1000"]
[BlackElo "1500"]
[PlyCount "52"]
[EventDate "2021.11.21"]
[WhiteTeam "Watford B"]
[BlackTeam "Barnet Knights C"]

1. e4 e5 2. Nf3 Bc5 3. Bc4 Nc6 4. O-O Nf6 5. Nc3 d6 6. d3 h6 7. Be3 Nd7 8. Qe2
Nb6 9. Bb3 Bg4 10. h3 Bh5 11. Bxc5 dxc5 12. Qe3 Nd4 13. Nxd4 cxd4 14. Qg3 dxc3
15. Qxg7 Rf8 16. Qxe5+ Qe7 17. Qxh5 O-O-O 18. bxc3 Rd6 19. c4 Rg6 20. Rfe1 Rfg8
21. Qf5+ Nd7 22. g3 Rg5 23. Qf3 Ne5 24. Qe2 Qc5 25. Red1 Rxg3+ 26. Kh1 Rxh3#
0-1

[Event "4NCL Division 3 South"]
[Site "Milton Keynes, ENG"]
[Date "2021.11.21"]
[Round "2.151"]
[White "Freeman, Richard C P"]
[Black "Phillips, William"]
[Result "1-0"]
[WhiteElo "2016"]
[BlackElo "1819"]
[PlyCount "44"]
[EventDate "2021.11.21"]
[WhiteTeam "MK Phoenix 1"]
[BlackTeam "Cambridge University 3"]

1. d4 Nf6 2. Bg5 g6 3. Bxf6 exf6 4. e3 Bg7 5. g3 O-O 6. Bg2 d6 7. Ne2 Nc6 8. c4
Bd7 9. O-O Qc8 10. Nbc3 Bh3 11. Nf4 Bxg2 12. Kxg2 f5 13. Nfd5 a6 14. Qf3 Re8
15. b4 Ne7 16. a4 Nxd5 17. Nxd5 a5 18. b5 b6 19. Rac1 Re4 20. Qxe4 fxe4 21.
Ne7+ Kf8 22. Nxc8 Rxc8 1-0

[Event "4NCL Division 3 South"]
[Site "Milton Keynes, ENG"]
[Date "2021.11.21"]
[Round "2.152"]
[White "Patel, Rishi"]
[Black "Elwin, Adrian G"]
[Result "1-0"]
[WhiteElo "1891"]
[BlackElo "1993"]
[PlyCount "97"]
[EventDate "2021.11.21"]
[WhiteTeam "Cambridge University 3"]
[BlackTeam "MK Phoenix 1"]

1. e4 c6 2. Nf3 d5 3. Nc3 dxe4 4. Nxe4 Nf6 5. Ng3 Bg4 6. Bc4 e6 7. O-O Bd6 8.
Re1 Nbd7 9. d4 Qc7 10. Be3 O-O-O 11. Be2 Nd5 12. Ne4 Bf4 13. Bxf4 Nxf4 14. h3
Bf5 15. Ng3 Bg6 16. Bf1 Nh5 17. Nxh5 Bxh5 18. Qd3 Bg6 19. Qa3 Kb8 20. c4 Nf6
21. Rad1 Bh5 22. g4 Bg6 23. Ne5 Nd7 24. Nf3 Nf6 25. Bg2 h5 26. g5 Nd7 27. Qb3
Qb6 28. Qc3 Bf5 29. a4 f6 30. b4 h4 31. b5 c5 32. a5 Qc7 33. d5 exd5 34. Rxd5
Qf4 35. Red1 fxg5 36. Ne5 Nxe5 37. Rxd8+ Rxd8 38. Rxd8+ Kc7 39. Qd2 Qxd2 40.
Rxd2 g6 41. Re2 Nd7 42. Re3 b6 43. a6 Kd8 44. Be4 Be6 45. Bd5 Bf5 46. Be6 Kc7
47. Bxf5 gxf5 48. Re6 g4 49. Kg2 1-0

[Event "4NCL Division 3 South"]
[Site "Milton Keynes, ENG"]
[Date "2021.11.21"]
[Round "2.153"]
[White "Valentine, Brian J"]
[Black "Lim, Mark"]
[Result "1-0"]
[WhiteElo "1928"]
[BlackElo "1808"]
[PlyCount "83"]
[EventDate "2021.11.21"]
[WhiteTeam "MK Phoenix 1"]
[BlackTeam "Cambridge University 3"]

1. e4 e6 2. d4 d5 3. Nc3 Nf6 4. e5 Nfd7 5. f4 c5 6. Nf3 Nc6 7. Be3 a6 8. Qd2 b5
9. a3 Qa5 10. Ra2 Qb6 11. Nd1 cxd4 12. Nxd4 Nxd4 13. Bxd4 Bc5 14. c3 Bb7 15. h4
Rc8 16. Rh3 Bxd4 17. cxd4 Nb8 18. Nc3 Nc6 19. Ne2 h5 20. b3 Ne7 21. Rc3 Rxc3
22. Qxc3 O-O 23. g3 Nf5 24. Bh3 a5 25. Bxf5 exf5 26. Qd3 g6 27. Rc2 b4 28. a4
Ba6 29. Qd2 Rc8 30. Rxc8+ Bxc8 31. Qc2 Be6 32. Qc5 Qa6 33. Kd2 Kg7 34. Qb5 Qa8
35. Nc1 Qc8 36. Qc5 Qa6 37. Nd3 Kg8 38. Qb5 Qc8 39. Nc5 Qa8 40. Qb6 Bc8 41.
Qd8+ Kg7 42. e6 1-0

[Event "4NCL Division 3 South"]
[Site "Milton Keynes, ENG"]
[Date "2021.11.21"]
[Round "2.154"]
[White "Dhemrait, Jagdeep"]
[Black "Morrison, Munroe L"]
[Result "1-0"]
[WhiteElo "1810"]
[BlackElo "1717"]
[PlyCount "67"]
[EventDate "2021.11.21"]
[WhiteTeam "Cambridge University 3"]
[BlackTeam "War and Piece B"]

1. e4 g6 2. d4 d6 3. Bc4 Nf6 4. Nc3 Bg7 5. f4 O-O 6. Nf3 c5 7. d5 a6 8. a4 Bg4
9. h3 Bxf3 10. Qxf3 Nbd7 11. O-O Rb8 12. a5 Qc8 13. Qe2 Ne8 14. g4 b5 15. axb6
Nxb6 16. Bxa6 Qd8 17. Rd1 e6 18. Bc4 Qh4 19. Kg2 Nxc4 20. Qxc4 f5 21. exf5 gxf5
22. dxe6 fxg4 23. Rd3 Bd4 24. Rg3 Ng7 25. hxg4 Kh8 26. Ne2 Bxb2 27. Bxb2 Rxb2
28. Qd3 Qf6 29. Rh1 h5 30. Rgh3 Qxe6 31. Rxh5+ Kg8 32. Rg5 Kf7 33. Rxg7+ Kxg7
34. Qh7+ 1-0

[Event "4NCL Division 3 South"]
[Site "Milton Keynes, ENG"]
[Date "2021.11.21"]
[Round "2.155"]
[White "Chapman, Chas"]
[Black "Dhemrait, Surjit S"]
[Result "1/2-1/2"]
[WhiteElo "1675"]
[BlackElo "1518"]
[PlyCount "95"]
[EventDate "2021.11.21"]
[WhiteTeam "War and Piece B"]
[BlackTeam "Cambridge University 3"]

1. e4 e5 2. Nf3 Nc6 3. Bc4 Be7 4. O-O d6 5. h3 h6 6. d3 Bg5 7. Be3 f5 8. exf5
Bxf5 9. Qd2 Bf6 10. Nc3 Nge7 11. Nd5 Nxd5 12. Bxd5 Qd7 13. Be4 g5 14. Bxf5 Qxf5
15. Nh2 h5 16. f3 d5 17. Qf2 b6 18. Rad1 Qg6 19. c3 O-O-O 20. d4 Ne7 21. dxe5
Bxe5 22. Bd4 Bxd4 23. Rxd4 c5 24. Rd2 Nf5 25. Rfd1 Qe6 26. Qe2 Rhe8 27. Qxe6+
Rxe6 28. Rxd5 Rxd5 29. Rxd5 Rf6 30. g4 hxg4 31. hxg4 Nh4 32. Rxg5 Nxf3+ 33.
Nxf3 Rxf3 34. Kg2 Rf7 35. Kg3 Kd7 36. Rg6 Ke7 37. b4 cxb4 38. cxb4 Kf8 39. Rc6
Kg7 40. a4 Rd7 41. Rc4 Kg6 42. Rf4 Kg5 43. Rf5+ Kg6 44. a5 Rd3+ 45. Kh4 Rd6 46.
a6 Rd1 47. Re5 Rh1+ 48. Kg3 1/2-1/2

[Event "4NCL Division 3 South"]
[Site "Milton Keynes, ENG"]
[Date "2021.11.21"]
[Round "2.156"]
[White "Nettleton, Robin"]
[Black "Thomas, Jacob"]
[Result "0-1"]
[WhiteElo "1333"]
[BlackElo "1498"]
[PlyCount "53"]
[EventDate "2021.11.21"]
[WhiteTeam "Cambridge University 3"]
[BlackTeam "War and Piece B"]

1. d4 Nf6 2. Bf4 c5 3. Nf3 Qb6 4. b3 d6 5. e3 cxd4 6. Qxd4 Qxd4 7. exd4 g6 8.
Nbd2 Bg7 9. Rd1 O-O 10. Bd3 Nc6 11. c3 Nd5 12. Bg3 Nxc3 13. Ra1 Nxd4 14. Nxd4
Bxd4 15. Nf3 Bg7 16. a4 Bg4 17. Nd2 Rac8 18. f3 Bd7 19. Nc4 Nd5 20. Rd1 Nb4 21.
O-O Nxd3 22. Rxd3 b5 23. Bxd6 bxc4 24. bxc4 exd6 25. Rxd6 Bxa4 26. Ra6 Bb3 27.
Rxa7 0-1

[Event "4NCL Division 3 South"]
[Site "Milton Keynes, ENG"]
[Date "2021.11.21"]
[Round "2.157"]
[White "Mubiru, Richard"]
[Black "Lambourne, Dan M"]
[Result "0-1"]
[WhiteElo "1640"]
[BlackElo "1983"]
[PlyCount "66"]
[EventDate "2021.11.21"]
[WhiteTeam "War and Piece B"]
[BlackTeam "MK Phoenix 1"]

1. e4 d6 2. h3 Nf6 3. Qf3 Nc6 4. Bb5 Bd7 5. Bxc6 Bxc6 6. d3 g6 7. Bg5 Bg7 8. c3
h6 9. Be3 e5 10. c4 Qe7 11. Nc3 a6 12. a4 O-O 13. Qe2 Qd7 14. Nf3 b5 15. b3
bxa4 16. Nxa4 Nh5 17. O-O f5 18. Nc3 Nf4 19. Qc2 g5 20. g3 Nxh3+ 21. Kh2 fxe4
22. dxe4 Rxf3 23. Nd1 Qg4 24. Ra2 Bxe4 25. Qxe4 Qxe4 26. Kxh3 h5 27. Nc3 Qf5+
28. Kg2 h4 29. Bxg5 hxg3 30. Be3 Qg4 31. Rh1 gxf2+ 32. Kf1 Rxe3 33. Rxf2 Rxc3
0-1

[Event "4NCL Division 3 South"]
[Site "Milton Keynes, ENG"]
[Date "2021.11.21"]
[Round "2.158"]
[White "Brown, Alan M"]
[Black "Duesbury, Brad"]
[Result "1-0"]
[WhiteElo "2008"]
[BlackElo "1650"]
[PlyCount "65"]
[EventDate "2021.11.21"]
[WhiteTeam "MK Phoenix 1"]
[BlackTeam "War and Piece B"]

1. d4 e6 2. c4 Nf6 3. Nc3 d5 4. Bg5 Bb4 5. e3 O-O 6. Nf3 dxc4 7. Bxc4 Nbd7 8.
O-O Bxc3 9. bxc3 a6 10. Bd3 h6 11. Bh4 Qe8 12. Bg3 Qd8 13. Bc2 b5 14. Qd3 Bb7
15. Nd2 Re8 16. f4 Nf8 17. e4 Nh5 18. Nb3 Nxg3 19. Qxg3 Qe7 20. Rae1 Qa3 21.
Bb1 Rac8 22. Nc5 Ba8 23. Qd3 Rb8 24. e5 Red8 25. f5 Bd5 26. Qd2 Bc4 27. Rf2 Nd7
28. Nxd7 Rxd7 29. f6 b4 30. Rf3 Bd5 31. Rg3 bxc3 32. Rxg7+ Kf8 33. Qxh6 1-0

[Event "4NCL Division 3 South"]
[Site "Milton Keynes, ENG"]
[Date "2021.11.21"]
[Round "2.159"]
[White "Parsons, Ben D"]
[Black "Williamson, Kevin J"]
[Result "0-1"]
[WhiteElo "1390"]
[BlackElo "1870"]
[PlyCount "76"]
[EventDate "2021.11.21"]
[WhiteTeam "War and Piece B"]
[BlackTeam "MK Phoenix 1"]

1. d4 d6 2. c4 Nf6 3. Nf3 c6 4. Nc3 Qc7 5. e3 Bg4 6. Be2 e5 7. Qc2 g6 8. a3 a5
9. b3 Bg7 10. Bb2 Nbd7 11. O-O O-O 12. Rac1 Ne8 13. d5 f5 14. Rfe1 Bxf3 15.
Bxf3 e4 16. Be2 Nef6 17. Na4 Kh8 18. Red1 c5 19. Nc3 Rae8 20. Nb5 Qb8 21. Qd2
b6 22. b4 axb4 23. axb4 cxb4 24. Qxb4 Nc5 25. Ra1 Re7 26. Ra3 Rb7 27. Rda1 Qd8
28. Na7 Nfd7 29. Bxg7+ Kxg7 30. Nc6 Qf6 31. Nd4 Kh6 32. Qd2 Ne5 33. f3 exf3 34.
Nxf3 Ne4 35. Qe1 Nxf3+ 36. Bxf3 Nc5 37. Qd2 Nb3 38. e4+ Nxd2 0-1